Catalogue de la Bibliothèque de l'ENSA

Perspectives for agronomy (notice nᵒ 8256)

détails MARC
000 -LEADER
fixed length control field 00826nam a2200205Ia 4500
008 - FIXED-LENGTH DATA ELEMENTS--GENERAL INFORMATION
fixed length control field 160105s9999 xx 000 0 und d
041 ## - LANGUAGE CODE
Language code of text/sound track or separate title eng
110 ## - MAIN ENTRY--CORPORATE NAME
Corporate name or jurisdiction name as entry element European Society for Agronomy
111 ## - MAIN ENTRY--MEETING NAME
Meeting name or jurisdiction name as entry element Congress on perspectives for agronomy
111 ## - MAIN ENTRY--MEETING NAME
Date of meeting 07/07/1996-11/07/1996
245 ## - TITLE STATEMENT
Title Perspectives for agronomy
245 ## - TITLE STATEMENT
Number of part/section of a work vol. 25
245 ## - TITLE STATEMENT
Name of part/section of a work European Society for Agronomy
260 ## - PUBLICATION, DISTRIBUTION, ETC.
Name of publisher, distributor, etc Elsevier
260 ## - PUBLICATION, DISTRIBUTION, ETC.
Date of publication, distribution, etc 1997
654 ## - SUBJECT ADDED ENTRY--FACETED TOPICAL TERM
General subdivision AGRONOMIE/DEVELOPPEMENT AGRICOLE/RECHERCHE/UTILISATION DES TERRES/SECURITE ALIMENTAIRE/ENVIRONNEMENT/PHYSIOLOGIE VEGETALE/GESTION DES RESSOURCES/SYSTEME D'EXPLOITATION AGRICOLE/UTILISATION/MODELE DE SIMULATION/AZOTE/MATIERE ORGANIQUE/MAIS/ORYZA/PROJET DE DEVELOPPEMENT/EUROPE/AFRIQUE/SAHEL/PAYS BAS/FRANCE/AUSTRALIE/CHINE
942 ## - ADDED ENTRY ELEMENTS (KOHA)
Koha item type Actes de Congrès
994 ## -
-- 108335
Exemplaires
Withdrawn status Lost status Damaged status Use restrictions Not for loan Home library Current library Cost, normal purchase price Shelving control number Total Checkouts Total Renewals Total Holds Full call number Barcode Cost, replacement price Koha item type
          Bibliothèque Centrale Bibliothèque Centrale 0.00         BC_1379 76 BC_1379 76 0.00 Actes de Congrès

Adresse: Ecole Nationale Supérieure Agronomique Hassen Badi - El Harrach Alger, Algérie

Tél +213 (0) 23 82 85 07+213 (0) 23 82 85 12 Fax +213 23 82 85 03/04 Courriel: bibliotheque@edu.ensa.dz